1707 1303 1160 1321 1720 1497 1802 1065 1969 1053 1015 1425 1281 1305 1874 1230 1071 1721 1069 1170 1935 1803 1553 1296 1968 1083 1513 1730 1965 1663 1784 1419 1426 1086 1181 1286 1924 1852 1957 1999 1497 1906 1590 1805 1671 1392 1360 1309 1951 1282 1651 1247 1657 1051 1245 1536 1130 1752 1077 1274 1023 1202 1478 1169 1906 1560 1020 1131 1905 1290 1231 1893 1268 1082 1201 1093 1023 1608 1807 1930 1229 1269 1296 1927 1582 1351 1042 1175 1890 1656 1614 1315 1045 1138 1701 1564 1557 1179 1233 BCNSPRNW ULIB Ver.6.0+V

เปลี่ยนเป็นภาษาไทย

Change to English
 แสดงรายละเอียดบรรณานุกรม
  กลับหน้าหลัก

Brief Record : Get Marc (ISO 2709) : E-mail record : QR code < ปิดหน้าต่าง
LEADER : 00000nam 2200000uu 4500
001    13399111343
003     ULIB
008    110622s2551||||th 000 0 tha d
020    9741335407
060 04 WY85^bส733จ 2551
100 0  สิวลี ศิริไล
245 10 จริยศาสตร์สำหรับพยาบาล /^cสิวลี ศิริไล
250    พิมพ์ครั้งที่ 10
260    กรุงเทพฯ :^bโรงพิมพ์แห่งจุฬาลงกรณ์มหาวิทยาลัย,^c2551
300    279 หน้า ;^c21 ซม.
650  7 จรรยาบรรณพยาบาล
650  7 จริยศาสตร์
945    ^p150^l0^i15373
995     เกษร
999    ^aใช้งานได้ทุกระบบ
รายการนี้ยังไม่มีแท็ก
คุณยังไม่ได้ล็อกอิน คุณสามารถมีกิจกรรมร่วมกับเว็บไซต์ได้ แต่ต้องล็อกอินก่อน ::
  ล็อกอิน

รายการสื่อสารสนเทศ

ลำดับที่ ประเภท เลขเรียก/บาร์โค้ด สถานที่ สถานะ
1. วิทยาศาสตร์การแพทย์ และสุขภาพ
วิทยาศาสตร์การแพทย์ และสุขภาพ
WY85 ส733จ 2551  
  Barcode: 15373
ห้องสมุดวิทยาเขตสวรรค์ประชารักษ์
►ส่วนจัดเก็บหนังสือเก่า สปร
บนชั้น
  ขอยืม

รายการใกล้เคียง
    ผู้แต่ง [สิวลี ศิริไล]

    หัวเรื่อง [จรรยาบรรณพยาบาล]
    หัวเรื่อง [จริยศาสตร์]

BibComment


ยังไม่เคยถูกคอมเมนท์

คอมเมนท์ทรัพยากรรายการนี้
  คอมเมนท์: จริยศาสตร์สำหรับพ..


 Copyright 2026. Bcnsprnw @Library